[Event "XV C.to Mondiale seniores"]
[Site "Lignano Sabbiadoro ITA"]
[Date "2005.10.06"]
[Round "8"]
[White "Blaushtain, Boris"]
[Black "Olsen, Willy L."]
[Result "1-0"]
[WhiteElo "2170"]
[BlackElo "2036"]
[PlyCount "84"]
[EventDate "2005.09.28"]

1. c4 Nf6 2. Nc3 c5 3. g3 Nc6 4. Bg2 g6 5. e3 Bg7 6. Nge2 O-O 7. d4 cxd4 8.
exd4 d6 9. O-O a6 10. h3 Rb8 11. Be3 h6 12. Qd2 Kh7 13. b3 Qe8 14. d5 Nd8 15.
a4 b6 16. Nd4 Nd7 17. Nc6 Ra8 18. Rfe1 Bb7 19. Bxb6 Nxb6 20. Rxe7 Bxc6 21. Rxe8
Bxe8 22. Re1 Nd7 23. Ne4 Nb7 24. a5 Ndc5 25. Nxc5 Nxc5 26. b4 Nd7 27. f4 Rc8
28. Bf1 f5 29. Re6 Nf6 30. Bd3 Rd8 31. b5 axb5 32. cxb5 Nxd5 33. Bc4 Nc3 34. b6
Bf7 35. Re7 Ne4 36. Qa2 d5 37. Bb3 Bd4+ 38. Kg2 Kh8 39. Qa4 Bf6 40. Rc7 Be8 41.
Qb4 Rf7 42. Rxf7 Bxf7 1-0

[Event "XV C.to Mondiale seniores"]
[Site "Lignano Sabbiadoro ITA"]
[Date "2005.10.06"]
[Round "8"]
[White "Bondick, Karl-Heinz"]
[Black "Haug, Kjell Martin"]
[Result "1-0"]
[WhiteElo "2133"]
[BlackElo "1950"]
[PlyCount "51"]
[EventDate "2005.09.28"]

1. d4 Nf6 2. f3 d5 3. e4 dxe4 4. Nc3 e6 5. Be3 Be7 6. fxe4 Bd7 7. Bd3 a6 8. Nf3
h6 9. O-O O-O 10. h3 Qc8 11. Ne2 c5 12. c3 cxd4 13. cxd4 Nc6 14. Rc1 Qe8 15.
Bb1 Kh8 16. a3 Ng8 17. Nf4 f5 18. d5 exd5 19. exd5 Nd8 20. Ne5 Rf6 21. Bd4 Bb5
22. Re1 Bd7 23. Rc7 Bc8 24. Rxe7 Nxe7 25. Neg6+ Rxg6 26. Rxe7 1-0

[Event "XV C.to Mondiale seniores"]
[Site "Lignano Sabbiadoro ITA"]
[Date "2005.10.06"]
[Round "8"]
[White "Cleal, John"]
[Black "Weinberg, Emanuele"]
[Result "0-1"]
[WhiteElo "2035"]
[BlackElo "1927"]
[PlyCount "70"]
[EventDate "2005.09.28"]

1. e4 d6 2. d4 Nf6 3. f3 g6 4. Be3 Bg7 5. Bd3 O-O 6. Ne2 Nbd7 7. Qd2 c5 8. c3
Rb8 9. a4 a6 10. Na3 Re8 11. O-O b6 12. g4 cxd4 13. cxd4 e5 14. Nc4 Qe7 15. d5
Nc5 16. Bc2 Bd7 17. b4 Ncxe4 18. fxe4 Nxg4 19. Ng3 Nxe3 20. Qxe3 b5 21. Na5
Rbc8 22. Bb3 h5 23. axb5 Bxb5 24. Rfc1 Kh7 25. Nc6 Qd7 26. Qc3 h4 27. Ba4 hxg3
28. Bxb5 axb5 29. Qxg3 Bh6 30. Rf1 Ra8 31. Ra5 Kg7 32. Rfa1 Rxa5 33. Rxa5 Bf4
34. Qg2 Rh8 35. Ra7 Be3+ 0-1

[Event "XV C.to Mondiale seniores"]
[Site "Lignano Sabbiadoro ITA"]
[Date "2005.10.06"]
[Round "8"]
[White "Filzmaier, Bruno"]
[Black "Masich, Vladimir"]
[Result "0-1"]
[WhiteElo "1970"]
[BlackElo "2072"]
[PlyCount "80"]
[EventDate "2005.09.28"]

1. a3 g6 2. Nf3 Bg7 3. d4 Nf6 4. e3 O-O 5. b4 d5 6. c4 dxc4 7. Bxc4 a5 8. b5
Ne4 9. Bb2 c5 10. Qb3 a4 11. Qa2 Qa5+ 12. Nbd2 cxd4 13. Bxd4 Bxd4 14. Nxd4 Bd7
15. Qb2 Rc8 16. Bd3 Nxd2 17. Qxd2 e5 18. Qxa5 Rxa5 19. Nf3 Bxb5 20. Nxe5 Nd7
21. Bxb5 Nxe5 22. Be2 Rc2 23. f4 Nc4 24. Bxc4 Rxc4 25. O-O Rd5 26. Rfb1 b5 27.
Rb2 Rc3 28. Kf2 Rdd3 29. Re1 Rb3 30. Ree2 Rxe3 31. Red2 Kg7 32. Rxb3 Rxb3 33.
Rd5 h5 34. Ke2 h4 35. Rd3 b4 36. axb4 Rxb4 37. Kf3 Rb3 38. Ke3 Kf6 39. g4 hxg3
40. hxg3 Kf5 0-1

[Event "XV C.to Mondiale seniores"]
[Site "Lignano Sabbiadoro ITA"]
[Date "2005.10.06"]
[Round "8"]
[White "Florio, Italo"]
[Black "Parla, Aldo"]
[Result "1/2-1/2"]
[WhiteElo "1511"]
[BlackElo "1610"]
[PlyCount "39"]
[EventDate "2005.09.28"]

1. d4 e6 2. Nf3 f5 3. c3 Nf6 4. Bg5 c6 5. Nbd2 Be7 6. e3 d5 7. Bd3 O-O 8. Qe2
Ne4 9. Bxe7 Qxe7 10. Ne5 Nd7 11. Ndf3 c5 12. Nxd7 Bxd7 13. Ne5 c4 14. Bc2 Be8
15. O-O Rf6 16. f3 Ng5 17. f4 Ne4 18. Bxe4 fxe4 19. g4 Rf8 20. Rf2 1/2-1/2

[Event "XV C.to Mondiale seniores"]
[Site "Lignano Sabbiadoro ITA"]
[Date "2005.10.06"]
[Round "8"]
[White "Frank, Albert"]
[Black "Standal, Bard"]
[Result "1/2-1/2"]
[WhiteElo "2050"]
[BlackElo "1937"]
[PlyCount "37"]
[EventDate "2005.09.28"]

1. e4 c5 2. Nf3 d6 3. d4 cxd4 4. Nxd4 Nf6 5. Nc3 a6 6. Bg5 e6 7. f4 Be7 8. Qf3
Qc7 9. O-O-O Nbd7 10. g4 b5 11. Bxf6 Nxf6 12. g5 Nd7 13. h4 Nc5 14. Rh2 b4 15.
Nce2 Bb7 16. Ng3 g6 17. Kb1 O-O-O 18. Qe3 Kb8 19. Nb3 1/2-1/2

[Event "XV C.to Mondiale seniores"]
[Site "Lignano Sabbiadoro ITA"]
[Date "2005.10.06"]
[Round "8"]
[White "Gennari, Giuseppe"]
[Black "Zelkind, Simeon"]
[Result "0-1"]
[WhiteElo "1619"]
[BlackElo "1868"]
[PlyCount "98"]
[EventDate "2005.09.28"]

1. e4 e5 2. Nf3 Nf6 3. Nxe5 d6 4. Nf3 Nxe4 5. d3 Nf6 6. Bg5 Be7 7. Be2 O-O 8.
c4 h6 9. Bd2 Nc6 10. d4 d5 11. c5 Bg4 12. Be3 Bf5 13. O-O Ne4 14. Nbd2 a5 15.
a3 b6 16. Qa4 Na7 17. c6 Qd6 18. Rac1 Bf6 19. g3 Nxd2 20. Bxd2 Rfe8 21. Bf4 Qd8
22. Rfe1 Nc8 23. Qd1 Nd6 24. Bxd6 Qxd6 25. Qd2 Re7 26. Bd3 Bxd3 27. Qxd3 Rae8
28. Qc3 Re4 29. Rxe4 Rxe4 30. Re1 Qe6 31. Re3 Kf8 32. Kg2 g5 33. Rxe4 Qxe4 34.
Qe3 Ke7 35. Qxe4+ dxe4 36. Nd2 Bxd4 37. Nxe4 Bxb2 38. a4 f5 39. Nd2 Bc3 40. Nc4
Ke6 41. Ne3 Bd4 42. Kf3 Bxe3 43. Kxe3 Ke5 44. f4+ gxf4+ 45. gxf4+ Kd6 46. h3
Kxc6 47. Kd4 Kd6 48. Kc4 c6 49. h4 h5 0-1

[Event "XV C.to Mondiale seniores"]
[Site "Lignano Sabbiadoro ITA"]
[Date "2005.10.06"]
[Round "8"]
[White "Gerenski, Hristo"]
[Black "Peierl, Walter"]
[Result "1/2-1/2"]
[WhiteElo "2192"]
[BlackElo "2096"]
[PlyCount "54"]
[EventDate "2005.09.28"]

1. d4 Nf6 2. c4 g6 3. f3 d5 4. cxd5 Nxd5 5. e4 Nb6 6. Nc3 Bg7 7. Be3 O-O 8. Qd2
Nc6 9. O-O-O a6 10. h4 e5 11. d5 Nd4 12. h5 f5 13. hxg6 f4 14. gxh7+ Kh8 15.
Bf2 c5 16. dxc6 bxc6 17. Bd3 Be6 18. Nge2 c5 19. Kb1 Qc7 20. Rc1 Qd7 21. Nd5
Na4 22. Bc4 Nxb2 23. Qxb2 Rab8 24. Bb3 Bxd5 25. Nxd4 exd4 26. Rxc5 Bxb3 27.
axb3 d3 1/2-1/2

[Event "XV C.to Mondiale seniores"]
[Site "Lignano Sabbiadoro ITA"]
[Date "2005.10.06"]
[Round "8"]
[White "Gestrich, Wolfgang"]
[Black "Schwertel, Johann"]
[Result "0-1"]
[WhiteElo "1767"]
[BlackElo "2068"]
[PlyCount "98"]
[EventDate "2005.09.28"]

1. c4 e5 2. Nc3 Nf6 3. e4 Nc6 4. g3 Bc5 5. Bg2 d6 6. h3 Bd7 7. Na4 Bd4 8. Ne2
O-O 9. Nxd4 Nxd4 10. Nc3 a6 11. d3 b5 12. b3 bxc4 13. bxc4 c6 14. Ne2 Ne6 15.
O-O Qe7 16. Be3 Rfb8 17. Qc2 c5 18. Rfb1 Qd8 19. Rxb8 Rxb8 20. Rb1 Rb6 21. Rxb6
Qxb6 22. Qb3 Qxb3 23. axb3 Kf8 24. f4 Ne8 25. fxe5 dxe5 26. Bc1 Ke7 27. h4 N8c7
28. Kh2 Kd6 29. Bb2 f6 30. Bh3 g6 31. g4 Ng7 32. Kg3 Nge6 33. Bc3 h6 34. Bd2 g5
35. h5 Nf4 36. Nxf4 gxf4+ 37. Kh4 Ne6 38. Bc3 Nd4 39. Bxd4 cxd4 40. Bg2 Kc5 41.
Bf3 Kb4 42. Kh3 a5 43. Kg2 Kxb3 44. Bd1+ Kc3 45. Kf2 a4 46. Bxa4 Bxa4 47. Ke2
Bd7 48. Kf2 Kxd3 49. c5 Kc4 0-1

[Event "XV C.to Mondiale seniores"]
[Site "Lignano Sabbiadoro ITA"]
[Date "2005.10.06"]
[Round "8"]
[White "Giani, Franco"]
[Black "Neudel, Bernd"]
[Result "1/2-1/2"]
[WhiteElo "2083"]
[BlackElo "1904"]
[PlyCount "103"]
[EventDate "2005.09.28"]

1. c4 c5 2. g3 g6 3. Bg2 Bg7 4. Nc3 Nc6 5. d3 d6 6. Bf4 Nf6 7. Nf3 O-O 8. Qd2
a6 9. Bh6 Rb8 10. Bxg7 Kxg7 11. Ng5 Bd7 12. Nge4 Nxe4 13. Nxe4 Qa5 14. Nc3 b5
15. O-O e6 16. cxb5 axb5 17. Qf4 e5 18. Qc1 Nd4 19. Re1 f5 20. e3 Ne6 21. a3
Rf7 22. Nd5 Rc8 23. Qd1 Nc7 24. b4 Qa7 25. Qd2 Be6 26. Nc3 Qb6 27. Qb2 Kg8 28.
Rab1 c4 29. dxc4 Bxc4 30. Qd2 e4 31. Bf1 d5 32. Rec1 Ra8 33. Ra1 Qe6 34. a4
Bxf1 35. Kxf1 bxa4 36. Nxa4 Qe8 37. Nb6 Rxa1 38. Rxa1 Qb5+ 39. Kg2 Qxb6 40. Ra5
Rd7 41. Rc5 Rf7 42. Qc3 Qb7 43. b5 Rd7 44. Rc6 Nxb5 45. Rc8+ Kf7 46. Qh8 Ke6
47. Qg8+ Kf6 48. Qf8+ Rf7 49. Qd8+ Kg7 50. Rb8 Qc6 51. Qg8+ Kf6 52. Qh8+
1/2-1/2

[Event "XV C.to Mondiale seniores"]
[Site "Lignano Sabbiadoro ITA"]
[Date "2005.10.06"]
[Round "8"]
[White "Ginsberger, Alexander"]
[Black "Weinwurm, Wolfgang"]
[Result "0-1"]
[WhiteElo "2276"]
[BlackElo "2127"]
[PlyCount "86"]
[EventDate "2005.09.28"]

1. e4 e5 2. Nf3 Nc6 3. Bb5 f5 4. d4 fxe4 5. Nxe5 Nxe5 6. dxe5 c6 7. Nc3 cxb5 8.
Nxe4 d5 9. exd6 Nf6 10. Nxf6+ Qxf6 11. Qh5+ Qg6 12. Qxb5+ Kf7 13. Bf4 Bxd6 14.
O-O Bxf4 15. Qc4+ Be6 16. Qxf4+ Qf6 17. Qc7+ Qe7 18. Qf4+ Kg8 19. Rfe1 Qf7 20.
Qe3 Bd5 21. b3 Bc6 22. f3 h6 23. c4 Kh7 24. Qc5 Rhe8 25. b4 Qg6 26. Qf2 a6 27.
Rxe8 Rxe8 28. a4 Qd3 29. b5 Re2 30. Qf1 Be8 31. Qb1 Rc2 32. bxa6 bxa6 33. Qf1
Qxf1+ 34. Kxf1 Rxc4 35. a5 Ra4 36. Rxa4 Bxa4 37. Ke2 Kg6 38. Ke3 Kf5 39. g3 g5
40. Kd4 Bc6 41. Ke3 Ke5 42. h4 gxh4 43. g4 h3 0-1

[Event "XV C.to Mondiale seniores"]
[Site "Lignano Sabbiadoro ITA"]
[Date "2005.10.06"]
[Round "8"]
[White "Gousseinov, Aguif"]
[Black "Somogyi, Istvan"]
[Result "1-0"]
[WhiteElo "2066"]
[BlackElo "2242"]
[PlyCount "77"]
[EventDate "2005.09.28"]

1. e4 c5 2. Nc3 Nc6 3. f4 g6 4. Nf3 Bg7 5. Bc4 e6 6. O-O Nge7 7. d3 O-O 8. a3
a6 9. Ne2 b5 10. Ba2 Bb7 11. c3 d6 12. Qe1 Na5 13. b4 Nac6 14. Be3 cxb4 15.
axb4 d5 16. e5 f6 17. d4 a5 18. Bd2 axb4 19. cxb4 Qb6 20. exf6 Bxf6 21. Bc3 Nf5
22. Qd2 Nd6 23. g3 Ne4 24. Qe3 Ne7 25. Ne5 Bxe5 26. fxe5 Rxf1+ 27. Kxf1 Qc7 28.
Bb1 Rf8+ 29. Kg1 Nf5 30. Qd3 Qf7 31. Be1 Nh6 32. Nf4 g5 33. Nh3 Ng4 34. Ra2 Ne3
35. Bf2 Nc4 36. Be1 Bc6 37. Nf2 Qh5 38. Qe2 Qg6 39. Ra6 1-0

[Event "XV C.to Mondiale seniores"]
[Site "Lignano Sabbiadoro ITA"]
[Date "2005.10.06"]
[Round "8"]
[White "Guaglianone, Mario"]
[Black "Belloni, Umberto"]
[Result "1-0"]
[WhiteElo "2155"]
[BlackElo "1910"]
[PlyCount "83"]
[EventDate "2005.09.28"]

1. Nf3 d5 2. g3 c6 3. Bg2 Bg4 4. O-O e6 5. Ne5 Bh5 6. d4 f6 7. Nd3 f5 8. Nd2
Nf6 9. Nf3 Ne4 10. Nfe5 Nd6 11. Nf4 Bf7 12. Nxf7 Kxf7 13. f3 g5 14. Nh3 Rg8 15.
e4 Nd7 16. e5 Ne8 17. f4 g4 18. Ng5+ Ke7 19. Nxh7 Bh6 20. Ng5 Rh8 21. h4 Qb6
22. b3 Qb4 23. a4 Qc3 24. Ba3+ c5 25. Qd3 Qxd3 26. cxd3 b6 27. Rac1 Rc8 28.
dxc5 bxc5 29. d4 Bxg5 30. hxg5 Rb8 31. Rc3 Kd8 32. dxc5 Kc7 33. b4 a6 34. Rb1
Kc6 35. Rcb3 Nc7 36. Bf1 Kb7 37. b5 axb5 38. axb5 Kc8 39. b6 Ne8 40. c6 Nxb6
41. Rxb6 Rxb6 42. Rxb6 1-0

[Event "XV C.to Mondiale seniores"]
[Site "Lignano Sabbiadoro ITA"]
[Date "2005.10.06"]
[Round "8"]
[White "Hasberger, Walter"]
[Black "Titz, Herbert"]
[Result "1/2-1/2"]
[WhiteElo "1975"]
[BlackElo "2079"]
[PlyCount "63"]
[EventDate "2005.09.28"]

1. e4 e5 2. Nc3 Nc6 3. Bc4 Nf6 4. d3 Bb4 5. Bg5 d6 6. Nge2 Be6 7. Bb3 Nd4 8.
O-O Bxb3 9. axb3 Ne6 10. Be3 Bc5 11. Bxc5 dxc5 12. f4 exf4 13. Nxf4 Qd6 14.
Nxe6 Qxe6 15. Qf3 c6 16. Qf5 Qxf5 17. Rxf5 b6 18. h3 O-O 19. Raf1 Rae8 20. g4
Re7 21. Kg2 Nd7 22. Re1 Rfe8 23. Ne2 Nf8 24. Ref1 Rd8 25. Kg3 Ng6 26. h4 Rd6
27. Nc3 Nf8 28. h5 h6 29. Nd1 Ne6 30. Ne3 Nd4 31. R5f2 Rdd7 32. Nf5 1/2-1/2

[Event "XV C.to Mondiale seniores"]
[Site "Lignano Sabbiadoro ITA"]
[Date "2005.10.06"]
[Round "8"]
[White "Haug, Sverre"]
[Black "Beltrami, Nerio"]
[Result "1-0"]
[WhiteElo "1924"]
[BlackElo "2045"]
[PlyCount "141"]
[EventDate "2005.09.28"]

1. Nf3 Nf6 2. d4 g6 3. c4 Bg7 4. e3 d6 5. Nc3 O-O 6. Qc2 c5 7. Be2 cxd4 8. Nxd4
Nc6 9. Bf3 Nb4 10. Qe2 Na6 11. Bd2 Nc5 12. Nc2 Rb8 13. O-O a6 14. Rad1 e6 15.
b4 Ncd7 16. Bc1 Ne5 17. Be4 Qc7 18. Bd3 b6 19. f4 Nxd3 20. Qxd3 Bb7 21. e4 Qc6
22. Nd4 Qc7 23. Nc2 Rbc8 24. Bb2 Rfd8 25. Ne3 Nxe4 26. Na4 Bxb2 27. Nxb2 Qc6
28. Rf3 b5 29. Qd4 bxc4 30. Nbxc4 Qb5 31. a3 Rc7 32. Rff1 f6 33. Nd2 e5 34.
fxe5 fxe5 35. Qb2 Qb6 36. Rde1 Rc3 37. Nxe4 Rxe3 38. Qf2 Bxe4 39. Rxe3 Bf5 40.
Rc3 Qxf2+ 41. Kxf2 Rd7 42. Rfc1 Kf7 43. Rc7 Ke7 44. R7c6 Bd3 45. Ke3 e4 46. Kd4
Ke6 47. Rc7 h6 48. Rxd7 Kxd7 49. Kd5 g5 50. Rc6 Ke7 51. Rc7+ Kf6 52. Kxd6 e3
53. Re7 e2 54. Re3 Kf5 55. Kd5 Kf4 56. Kd4 Bb5 57. Re7 Kf5 58. Kc3 Kf6 59. Re3
Kf5 60. Kd2 Kf4 61. Rxe2 Bxe2 62. Kxe2 Ke4 63. a4 Kd4 64. b5 axb5 65. axb5 Kc5
66. Kf3 Kxb5 67. Ke4 Kc6 68. Kf5 Kd7 69. Kg6 Ke6 70. g4 h5 71. Kxh5 1-0

[Event "XV C.to Mondiale seniores"]
[Site "Lignano Sabbiadoro ITA"]
[Date "2005.10.06"]
[Round "8"]
[White "Hecht, Hans-Joachim"]
[Black "Spassov, Liuben D."]
[Result "1/2-1/2"]
[WhiteElo "2388"]
[BlackElo "2396"]
[PlyCount "23"]
[EventDate "2005.09.28"]

1. d4 Nf6 2. c4 e6 3. g3 Bb4+ 4. Bd2 a5 5. Bg2 O-O 6. Nf3 b6 7. O-O Ba6 8. Qc2
d5 9. Bxb4 axb4 10. Nbd2 Bb7 11. Rfc1 Na6 12. Nb3 1/2-1/2

[Event "XV C.to Mondiale seniores"]
[Site "Lignano Sabbiadoro ITA"]
[Date "2005.10.06"]
[Round "8"]
[White "Hicker, Harald"]
[Black "Profaizer, Gino"]
[Result "0-1"]
[WhiteElo "2171"]
[BlackElo "2017"]
[PlyCount "42"]
[EventDate "2005.09.28"]

1. d4 d5 2. c4 c6 3. Nc3 Nf6 4. Nf3 a6 5. cxd5 cxd5 6. Bf4 Nc6 7. e3 g6 8. h3
Bg7 9. Bd3 O-O 10. O-O Bf5 11. Bxf5 gxf5 12. Ne5 Rc8 13. Rc1 e6 14. Qe2 Qa5 15.
a3 Nxe5 16. Bxe5 Rc6 17. Rc2 Rfc8 18. Rfc1 Rc4 19. Kh2 Ne8 20. Bxg7 Kxg7 21.
Nb1 Qc7+ 0-1

[Event "XV C.to Mondiale seniores"]
[Site "Lignano Sabbiadoro ITA"]
[Date "2005.10.06"]
[Round "8"]
[White "Hocevar, Nikola"]
[Black "Barlocco, Carlo"]
[Result "0-1"]
[WhiteElo "2093"]
[BlackElo "2235"]
[PlyCount "126"]
[EventDate "2005.09.28"]

1. c4 Nf6 2. Nc3 e6 3. e4 d5 4. cxd5 exd5 5. e5 d4 6. exf6 dxc3 7. Bb5+ Nc6 8.
Qe2+ Be6 9. dxc3 Qxf6 10. Nf3 Bd6 11. Nd4 O-O 12. Nxe6 Rae8 13. Bg5 Qxe6 14.
Qxe6 Rxe6+ 15. Kd2 Re5 16. Bxc6 Rxg5 17. Bf3 Bc5 18. Rhf1 Rd8+ 19. Kc2 c6 20.
Rad1 Bd6 21. Rfe1 Kf8 22. h3 Rf5 23. Re2 Rf6 24. c4 Bc7 25. Rxd8+ Bxd8 26. Be4
Bc7 27. b4 g6 28. c5 h5 29. Bd3 Rf4 30. a3 Bd8 31. f3 Rd4 32. Rd2 Bg5 33. Rd1
Ke7 34. Be2 Rxd1 35. Bxd1 Kf6 36. Kd3 Bc1 37. a4 Kf5 38. Bb3 f6 39. Bf7 h4 40.
Be8 g5 41. b5 cxb5 42. axb5 a5 43. bxa6 bxa6 44. Ba4 Bb2 45. Bd7+ Kf4 46. Ke2
Bd4 47. c6 Bb6 48. Be6 Ke5 49. Bc4 a5 50. Bb5 Kd4 51. Kd2 Bc7 52. Ba4 Bf4+ 53.
Kc2 Ke3 54. Bb3 Kf2 55. Be6 Kxg2 56. Bg4 Bc7 57. Kb3 Kg3 58. Ka4 Kf4 59. Bh5 f5
60. Bg6 g4 61. fxg4 fxg4 62. hxg4 h3 63. Bf7 Ke5 0-1

[Event "XV C.to Mondiale seniores"]
[Site "Lignano Sabbiadoro ITA"]
[Date "2005.10.06"]
[Round "8"]
[White "Hohler, Peter"]
[Black "Seuss, Oswald"]
[Result "1/2-1/2"]
[WhiteElo "2228"]
[BlackElo "2080"]
[PlyCount "42"]
[EventDate "2005.09.28"]

1. d4 Nf6 2. c4 g6 3. Nc3 Bg7 4. e4 d6 5. f3 O-O 6. Be3 Nc6 7. Nge2 a6 8. Nc1
e5 9. d5 Nd4 10. Nb3 Nxb3 11. Qxb3 b6 12. O-O-O Nd7 13. Qc2 a5 14. g4 Nc5 15.
Rg1 Bd7 16. Kb1 Kh8 17. Ka1 Qe7 18. Bh3 Qh4 19. Qd2 Qe7 20. Qc2 Qh4 21. Qd2 Qe7
1/2-1/2

[Event "XV C.to Mondiale seniores"]
[Site "Lignano Sabbiadoro ITA"]
[Date "2005.10.06"]
[Round "8"]
[White "Ivanets, Vladimir"]
[Black "Laco, Giuseppe"]
[Result "0-1"]
[WhiteElo "2290"]
[BlackElo "2104"]
[PlyCount "162"]
[EventDate "2005.09.28"]

1. b4 d5 2. Nf3 f6 3. d4 e6 4. a3 a5 5. b5 c5 6. bxc6 bxc6 7. e3 Nh6 8. Bd3 Nf7
9. O-O f5 10. c4 Bd6 11. cxd5 exd5 12. Qc2 Qf6 13. Nc3 Ba6 14. Bxa6 Rxa6 15.
Na4 O-O 16. Rb1 g5 17. Bb2 g4 18. Ne5 Nxe5 19. dxe5 Bxe5 20. Bxe5 Qxe5 21. Nc5
Ra7 22. g3 h5 23. Nd3 Qe4 24. Qc5 Raf7 25. Rfd1 h4 26. gxh4 Rh7 27. Qd6 Qe7 28.
Qxe7 Rxe7 29. Rdc1 Kg7 30. Rb6 Rc8 31. Nc5 Kf6 32. Kg2 Ke5 33. a4 Rh7 34. h5
Kd6 35. Rbb1 Rxh5 36. Nb7+ Ke5 37. Nxa5 Rch8 38. Rh1 R5h6 39. Rbc1 Rc8 40. Rhd1
c5 41. Nb3 Nd7 42. a5 Ra6 43. Nd2 Nf6 44. f4+ Kd6 45. Rc2 Rb8 46. Nc4+ Ke6 47.
Ne5 Rb5 48. Rdc1 Ne4 49. h3 g3 50. Nf3 Raxa5 51. Ng5+ Kf6 52. h4 c4 53. Nxe4+
fxe4 54. Kxg3 Ra3 55. Kf2 Rbb3 56. Re2 c3 57. Rec2 Kg6 58. Kg3 Kf5 59. h5 Rb2
60. Kf2 Raa2 61. Rxb2 Rxb2+ 62. Kg3 Rb3 63. Rc2 Ra3 64. Kf2 Rb3 65. Rc1 d4 66.
exd4 Kxf4 67. h6 Rb2+ 68. Kg1 c2 69. Kf2 Rb6 70. Ke2 Rxh6 71. Rf1+ Kg5 72. Ke3
Re6 73. Re1 Kf5 74. Kd2 Kf4 75. Rf1+ Kg3 76. d5 e3+ 77. Kc1 Rd6 78. Rf5 e2 79.
Re5 Kf2 80. Rf5+ Ke3 81. Re5+ Kd3 0-1

[Event "XV C.to Mondiale seniores"]
[Site "Lignano Sabbiadoro ITA"]
[Date "2005.10.06"]
[Round "8"]
[White "Jadrijevic, Ante"]
[Black "Asmundsson, Ingvar"]
[Result "0-1"]
[WhiteElo "2174"]
[BlackElo "2299"]
[PlyCount "112"]
[EventDate "2005.09.28"]

1. d4 d5 2. c3 e6 3. Bf4 Bd6 4. e3 f5 5. Nf3 Nf6 6. Ne5 Nbd7 7. Nxd7 Bxd7 8.
Nd2 O-O 9. Nf3 Be8 10. Ne5 Bh5 11. Qb3 Rb8 12. a3 Nd7 13. Nd3 Qe7 14. c4 dxc4
15. Qxc4 Nb6 16. Qb3 Nd5 17. Be5 b6 18. Bxd6 cxd6 19. Nf4 Nxf4 20. exf4 Bf7 21.
Qe3 Qb7 22. f3 Rbe8 23. Bb5 Re7 24. O-O Be8 25. Bc4 Bd7 26. Qd3 g6 27. Rfe1
Rfe8 28. Re3 b5 29. Bb3 Bc6 30. Rae1 Bd5 31. Bd1 Kf7 32. Qd2 Rc8 33. Qb4 Qb6
34. Qd2 Rc4 35. Rd3 e5 36. fxe5 dxe5 37. Bb3 Rxd4 38. Bxd5+ Rxd5+ 39. Kh1 Rxd3
40. Qxd3 a6 41. h3 Qd4 42. Qb3+ Kg7 43. Rd1 Qc4 44. Qxc4 bxc4 45. Rc1 Rc7 46.
Rc3 Kf6 47. b3 e4 48. fxe4 fxe4 49. Kg1 Ke5 50. Kf2 Kd4 51. Rc1 Kd3 52. bxc4
Kd2 53. Rb1 Rf7+ 54. Kg3 e3 55. Rb6 e2 56. Rd6+ Ke1 0-1

[Event "XV C.to Mondiale seniores"]
[Site "Lignano Sabbiadoro ITA"]
[Date "2005.10.06"]
[Round "8"]
[White "Jakobsen, Ole"]
[Black "Vasiukov, Evgeni A."]
[Result "1/2-1/2"]
[WhiteElo "2385"]
[BlackElo "2495"]
[PlyCount "55"]
[EventDate "2005.09.28"]

1. d4 Nf6 2. c4 e6 3. Nf3 c5 4. g3 cxd4 5. Nxd4 Qb6 6. Bg2 Bc5 7. e3 Nc6 8.
Nxc6 bxc6 9. O-O Ba6 10. b3 d5 11. Nd2 Rd8 12. Qc2 O-O 13. Bb2 Rfe8 14. Rac1
Rc8 15. a3 Be7 16. Rfd1 Red8 17. c5 Qb8 18. Nf3 Nd7 19. b4 Bc4 20. Nd2 Bb5 21.
e4 a5 22. exd5 exd5 23. Re1 Bf8 24. Bh3 axb4 25. axb4 Qb7 26. Nf3 h6 27. Ra1
Ra8 28. Nd4 1/2-1/2

[Event "XV C.to Mondiale seniores"]
[Site "Lignano Sabbiadoro ITA"]
[Date "2005.10.06"]
[Round "8"]
[White "Jansa, Vlastimil"]
[Black "Karasev, Vladimir I."]
[Result "1-0"]
[WhiteElo "2511"]
[BlackElo "2390"]
[PlyCount "131"]
[EventDate "2005.09.28"]

1. e4 e5 2. Nf3 d6 3. d4 exd4 4. Nxd4 Nf6 5. Nc3 Be7 6. g3 d5 7. e5 Ne4 8. Nxe4
dxe4 9. Bg2 Qd5 10. O-O Qxe5 11. Re1 f5 12. Bf4 Qf6 13. Bxc7 O-O 14. Bf1 Nc6
15. c3 Kh8 16. Qd2 Bd8 17. Bf4 Ne5 18. Rad1 Bb6 19. Be2 h6 20. Nb5 Be6 21. Qd6
Nf7 22. Qb4 Rad8 23. Bc7 Bxc7 24. Nxc7 Bc8 25. Nd5 Qe5 26. Nf4 Kh7 27. Bh5 Nh8
28. Rd5 Qf6 29. Red1 g6 30. Be2 Nf7 31. Qa5 Rxd5 32. Nxd5 Qe5 33. Qxa7 g5 34.
Qd4 Be6 35. a3 Qxd4 36. Rxd4 Ne5 37. Nc7 Ba2 38. Nb5 Bb1 39. Rd5 Nd3 40. Rd7+
Kg6 41. Nd6 Ne5 42. Rxb7 f4 43. Re7 Kf6 44. Re8 Rxe8 45. Nxe8+ Kg6 46. Nd6 f3
47. Bf1 Bd3 48. a4 Kf6 49. a5 Ke6 50. Nb5 Kd5 51. Nd4 g4 52. a6 Nc6 53. Nf5 h5
54. Ng7 Kc4 55. Nxh5 Kb3 56. Nf6 Kxb2 57. Nxg4 Kxc3 58. h4 Kb4 59. h5 Kc5 60.
h6 Kb6 61. h7 e3 62. h8=Q e2 63. Qb2+ Bb5 64. Bxe2 fxe2 65. Qc3 Kxa6 66. f4 1-0

[Event "XV C.to Mondiale seniores"]
[Site "Lignano Sabbiadoro ITA"]
[Date "2005.10.06"]
[Round "8"]
[White "Joksic, Sinisa"]
[Black "Akopian, Gagik"]
[Result "1-0"]
[WhiteElo "2282"]
[BlackElo "2258"]
[PlyCount "103"]
[EventDate "2005.09.28"]

1. d4 e6 2. Nf3 d5 3. g3 c6 4. Bg2 f5 5. O-O Nf6 6. c4 Be7 7. b3 O-O 8. Ba3
Nbd7 9. Qc1 Ne4 10. Bxe7 Qxe7 11. Nc3 Nxc3 12. Qxc3 Re8 13. e3 Kh8 14. b4 dxc4
15. Qxc4 e5 16. dxe5 Nxe5 17. Nxe5 Qxe5 18. Rfd1 Be6 19. Qh4 a5 20. a4 Bb3 21.
Rdc1 Bc2 22. bxa5 Be4 23. Bxe4 fxe4 24. Rab1 Rxa5 25. Rxb7 Rxa4 26. Rxc6 Rf8
27. Qf4 Qa1+ 28. Kg2 Raa8 29. Rf7 Rxf7 30. Qxf7 h6 31. Re6 Qa4 32. Qf5 Re8 33.
Rd6 Qc4 34. Rd5 Qc6 35. h4 Qe6 36. g4 Kg8 37. Qxe6+ Rxe6 38. h5 Kf7 39. Kg3 g5
40. hxg6+ Kxg6 41. Kf4 Rf6+ 42. Rf5 Re6 43. g5 hxg5+ 44. Rxg5+ Kh6 45. Rg2 Re7
46. Kf5 Re8 47. Kf6 Kh5 48. Kf5 Kh6 49. Rg6+ Kh5 50. Rf6 Re7 51. Rf8 Rh7 52.
Kxe4 1-0

[Event "XV C.to Mondiale seniores"]
[Site "Lignano Sabbiadoro ITA"]
[Date "2005.10.06"]
[Round "8"]
[White "Kaminik, Aleksandar"]
[Black "Gutzeit, Avraham"]
[Result "1-0"]
[WhiteElo "2278"]
[BlackElo "2091"]
[PlyCount "103"]
[EventDate "2005.09.28"]

1. d4 c5 2. d5 e5 3. e4 d6 4. Nc3 Nf6 5. h3 Be7 6. Nf3 O-O 7. Nd2 a6 8. a4 b6
9. Be2 Ne8 10. Nc4 Nd7 11. O-O Bg5 12. Bg4 Rb8 13. g3 Bxc1 14. Qxc1 Qe7 15. Kg2
g6 16. f4 f5 17. exf5 gxf5 18. Bf3 e4 19. Be2 Qg7 20. Qe3 Ndf6 21. Rad1 Kh8 22.
Kh2 Rg8 23. Rg1 Qh6 24. Qf2 Ng4+ 25. Bxg4 Rxg4 26. Rd2 Rb7 27. Nd1 Rg8 28. Nde3
b5 29. Na5 Rbg7 30. axb5 axb5 31. Nc6 Qf6 32. c3 Rg6 33. Rdd1 Rh6 34. Ra1 Rhg6
35. Ra7 R6g7 36. Rxg7 Rxg7 37. Qd2 Qg6 38. b4 cxb4 39. cxb4 Nf6 40. Qc3 Bd7 41.
Nb8 Be8 42. Qc8 Rg8 43. Qc3 Qg7 44. Qa1 Bg6 45. Nc6 h5 46. Nd4 h4 47. gxh4 Qh6
48. Rg5 Qxh4 49. Ng2 Qh6 50. Ne6 Bh7 51. Nh4 e3 52. Rh5 1-0

[Event "XV C.to Mondiale seniores"]
[Site "Lignano Sabbiadoro ITA"]
[Date "2005.10.06"]
[Round "8"]
[White "Karl, Hans"]
[Black "Khazankin, Moisei"]
[Result "0-1"]
[WhiteElo "2290"]
[BlackElo "2139"]
[PlyCount "90"]
[EventDate "2005.09.28"]

1. d4 Nf6 2. c4 c5 3. d5 e5 4. Nc3 d6 5. e4 Be7 6. Nf3 Nbd7 7. Be2 a6 8. h3 Rb8
9. a4 O-O 10. Be3 Ne8 11. g4 g6 12. Rg1 Ng7 13. Bd3 Kh8 14. Qd2 Nf6 15. Nh2 Qa5
16. Ra3 Qd8 17. Nf1 h5 18. g5 Nfe8 19. h4 Nc7 20. Nh2 Re8 21. Kd1 Bd7 22. Kc2
b5 23. axb5 axb5 24. cxb5 Nxb5 25. Bxb5 Bxb5 26. Nxb5 Rxb5 27. Rga1 Qb6 28. Qc3
Rb8 29. R1a2 Rb4 30. Ra8 Rxe4 31. Rxb8+ Qxb8 32. Nf3 Nf5 33. Ra6 Qb5 34. Ra8+
Kg7 35. Nd2 Rb4 36. b3 Nd4+ 37. Bxd4 Rxd4 38. Nc4 Rxh4 39. Ra4 Qb8 40. Ra6 Qc8
41. Nxe5 Rd4 42. Ra7 Qf5+ 43. Nd3 Bxg5 44. b4 Bf6 45. bxc5 Rxd3 0-1